000 00372nam a22001217a 4500
999 _c12613
_d12613
008 210209b ||||| |||| 00| 0 eng d
110 _94753
_aSulzer Brothers
245 1 0 _aSULZER operating instructions of exhaust gas turbocharger type TC 75
_cby Sulzer Brothers
260 _aWinterthur
_bSulzer Brothers Ltd.
_c?
300 _a..
650 0 _aTurbo Chargers
942 _cBK